La psicoterapia: gramática y sintaxis, manual para la enseñanza de la psicoterapia
Guardat en:
| Autor principal: | |
|---|---|
| Format: | Llibre |
| Idioma: | espanyol |
| Publicat: |
Barcelona
Paidós
1991
|
| Edició: | 1a. ed |
| Col·lecció: | Grupos e Instituciones. Terapia Familiar, 34
|
| Matèries: | |
| Etiquetes: |
Afegir etiqueta
Sense etiquetes, Sigues el primer a etiquetar aquest registre!
|
MARC
| LEADER | 00000cam a2200000 a 4500 | ||
|---|---|---|---|
| 001 | UCI6953 | ||
| 003 | CL-VaPUC | ||
| 008 | 080605e19910000SP |||||||||||||||||spa|d | ||
| 020 | |a 8475096549 | ||
| 082 | 0 | 4 | |a 616.8914 |b CAN |2 21 |
| 100 | 0 | |a Cancrini, Luigi |e author |9 530049 | |
| 245 | 1 | 3 | |a La psicoterapia: gramática y sintaxis, manual para la enseñanza de la psicoterapia |
| 250 | |a 1a. ed | ||
| 300 | |a 320 p | ||
| 942 | |c BK | ||
| 945 | |d 20080605 00:00:00 |a rbrito | ||
| 260 | |a Barcelona |b Paidós |c 1991 | ||
| 650 | 7 | |a PSICOTERAPIA |2 CL-VaPUC |9 530050 | |
| 650 | 0 | |a Métodos de enseñanza |9 270413 | |
| 650 | 0 | |a Psicología |9 257863 | |
| 650 | 7 | |a ENTREVISTA PSICOLOGICA |2 CL-VaPUC |9 332451 | |
| 650 | 0 | |a Psicología clínica |9 307259 | |
| 583 | |a last modification |c 20170828 10:12:21 |k Rodrigo Vera | ||
| 490 | 0 | |a Grupos e Instituciones. Terapia Familiar, 34 | |
| 999 | |c 330386 |d 330384 | ||
| 952 | |0 0 |1 0 |4 0 |6 616_891400000000000_CAN_1991 |7 0 |8 A |9 415890 |a BIBEDU |b BIBEDU |c ES_NOD |d 2019-11-22 |i 4446453 |l 1 |o 616.8914 CAN 1991 |p 4446453 |r 2023-08-09 |s 2022-08-29 |w 2019-11-22 |y BK |k PSI | ||
| 952 | |0 0 |1 0 |4 0 |6 616_891400000000000_CAN_1991 |7 0 |8 A |9 415891 |a BIBEDU |b BIBEDU |c ES_NOD |d 2019-11-22 |i 4899547 |o 616.8914 CAN 1991 |p 4899547 |r 2023-08-09 |w 2019-11-22 |y BK |k PSI | ||
| 952 | |0 0 |1 0 |4 0 |6 616_891400000000000_CAN_1991 |7 0 |8 A |9 415892 |a BIBEDU |b BIBEDU |c ES_NOD |d 2019-11-22 |i 4899555 |o 616.8914 CAN 1991 |p 4899555 |r 2023-08-09 |w 2019-11-22 |y BK |k PSI | ||